000 00328nam a2200145Ia 4500
008 230718s9999 xx 000 0 und d
041 _aEng.
082 _a34206
_bMAS-A
100 _aMassey, I.P
245 0 _aAdministrative law
260 _aPakistan
_bIrfan law book
_c2001
300 _a530
650 _aLaw
999 _c28564
_d28564